000 01298njm a2200325Ia 4500
001 72052
003 IT-RoPAU
005 20220918181144.0
008 131025s9999 xx 000 0 und d
040 _aIT-RoPAU
040 _cIT-RoPAU
041 _aITALIANO
999 _c101481
_d101481
999 _bn.d.
100 _aBelleno Gianni
_924286
100 _eAutore musica
_924287
100 _gCodice autore musica SPICS: 23680
_924288
245 _aAmici (Lp Smrl 6384)
250 _a1a ed.
260 _aITALIA
260 _bRICORDI
_c1988 [1a Ed.:1988 - Ed. Lingua Orig.: 1988]
300 _aDISCO
300 _c45 minuti (Testo: 0 pag.)
500 _aMusica pop. Canzone italiana. Passato, amore, chiedere amore, bar, figlio. On the Broadway: canzone inglese. Cielo chiaro: canzone presentata al Festival di Sanremo 1988. Giorgia.
505 _aConfini sottili - On the Broadway - Alberi - Sebastiano - Cielo chiaro - Nuvole - Naia - Non torno a casa - Per un amore
650 _aPOP [DISCHI]
_eCodice MATERIA SPICS: 9950
_91001
700 _aDe Scalzi Vittorio
_eAutore testo e musica
_gCodice autore testo/musica SPICS: 23211
_924289
700 _aDi Palo Nico
_eAutore
_gCodice autore SPICS: 23727
_924290
700 _aNew Trolls
_gCodice interprete SPICS: 9845
_eInterprete
_924291
942 _cMD
_2ddc